00355 2200157 4500001002100000005001500021035002000036245004400056100002100100300000800121260002200129082000800151084001400159990001200173990001200185INLIS00000000000222020250527015027 a0010-05250005121 aTrik-Trik Berhitung /cEdward H. Julius0 aEdward H. Julius a142 bPakar Raya,c2007 a510 a510 EDW t a0712543 a0712551